| 000 | 00909cam a2200217 4500 | ||
|---|---|---|---|
| 001 | ABS64158 | ||
| 008 | 000000n2001 000 0 eng u | ||
| 035 | _a(Sirsi) u113127 | ||
| 100 | _aMungo, J. | ||
| 245 | _aGetting the GISC of it? | ||
| 260 | _c2001 | ||
| 490 |
_aProperty Week _v66(22)1 June 2001, 76(1) |
||
| 520 | _aLooks at how the General Insurance Standards Council (GISC) will affect companies holding insurance agencies. Under the new framework any property company wishing to trade or place insurances with more than one insurer or broker must be a GISC member. Examines alternatives to GISC membership in addition to the application, monitoring and investigation processes. | ||
| 590 | _aABS | ||
| 650 | _aGENERAL INSURANCE STANDARDS COUNCIL | ||
| 650 | _aINSURANCE AGENTS | ||
| 650 | _aINSURANCE BROKERS | ||
| 650 | _aINSURANCE SERVICES | ||
| 690 |
_aInsurance _96249 |
||
| 942 | _n0 | ||
| 999 |
_c67350 _d67350 |
||